000 00750nam a22002297a 4500
999 _c11676
_d11676
003 AR-CdUCM
008 190404b ||||| |||| 00| 0 spa d
040 _aMUNICIPALIDAD PROVINCIAL DEL CUSCO
_cBIBLIOTECA MUNICIPAL DEL CUSCO
082 _aC / 869.56 /
_bAL39
100 _aAlencastre Gutiérrez, Andrés
_916462
245 _aYawar Para /
_cKilku Warak'a (seudónimo)
260 _aCusco :
_bGarcilaso.
300 _a42 páginas ;
_c32 cm.
500 _aTexto en Quechua y Español.
505 _aContenido: Poesías Quechua.
650 _aSiglo XX
_98
650 _aPoesías Quechuas
_97576
650 _aLiteratura Peruana
_9132
700 _aFuentes Lira, Mariano (ilustrador)
_927556
942 _2ddc
_cLIBROS
945 _aachl
_d2019-04-04